Conférences Internationales de l'Instruction Publique: recommandations 1934-1958
Guardat en:
| Format: | Llibre |
|---|---|
| Idioma: | francès |
| Publicat: |
Génova
Bureau International d'education
1958
|
| Matèries: | |
| Etiquetes: |
Afegir etiqueta
Sense etiquetes, Sigues el primer a etiquetar aquest registre!
|
MARC
| LEADER | 00000nam a2200000 a 4500 | ||
|---|---|---|---|
| 001 | UCW5086 | ||
| 003 | CL-VaPUC | ||
| 008 | 901129e19580000IT |||||||||||||||||fre|d | ||
| 082 | 0 | 4 | |a 370.11 |b CON |2 21 |
| 245 | 1 | 0 | |a Conférences Internationales de l'Instruction Publique: recommandations 1934-1958 |
| 300 | |a 227 p | ||
| 942 | |c BK | ||
| 945 | |d 19901129 00:00:00 | ||
| 260 | |a Génova |b Bureau International d'education |c 1958 | ||
| 650 | 0 | |a Educación básica |9 224933 | |
| 650 | 7 | |a CONGRESO, CONFERENCIA |2 CL-VaPUC |9 309924 | |
| 583 | |a last modification |c 19901129 00:00:00 |k Rodrigo Vera | ||
| 999 | |c 218598 |d 218596 | ||
| 952 | |0 0 |1 0 |4 0 |6 370_110000000000000_CON_1958 |7 0 |8 P |9 208380 |a BIBEDU |b BIBEDU |c BIBEDU_PB |d 2019-11-15 |i 2763087 |o 370.11 CON 1958 |p 2763087 |r 2024-01-25 |w 2019-11-15 |y BK |k EDU | ||